01578nam a2200337 a 4500001001200000003000800012006001900020007001500039008004100054020001800095020002700113040002100140035002100161050002400182245026100206260005000467300001300517490006300530504004100593533015200634650004700786650001800833650001800851655002900869710005200898710001700950711007500967830005301042856012601095999001901221ebr10512048CaPaEBRm u cr cn|||||||||111212s2009 sz sb 000 0 eng d z9789221206286 z9789221206293 (e-book) aCaPaEBRcCaPaEBR a(OCoLC)76919002714aHD7801b.C67 2009eb04aThe cost of coercionh[electronic resource] :bglobal report under the follow-up to the ILO declaration on fundamental principles and rights at work, 2009 : International Labour Conference, 98th Session 2009, report I (B) /creport of the Director-General. aGeneva :bInternational Labour Office,c2009. ax, 82 p.1 aInternational Labour Conference report,x0074-6681 ;v1(B) aIncludes bibliographical references. aElectronic reproduction.bPalo Alto, Calif. :cebrary,d2011.nAvailable via World Wide Web.nAccess may be limited to ebrary affiliated libraries. 0aLabor laws and legislation, International. 0aForced labor. 0aHuman rights. 7aElectronic books.2local2 aInternational Labour Office.bDirector-General.2 aebrary, Inc.2 aInternational Labour Conferencen(98th :d2009 :cGeneva, Switzerland) 0aReport (International Labour Conference) ;v1(B)40uhttp://site.ebrary.com/lib/rucke/Doc?id=10512048zAn electronic book accessible through the World Wide Web; click to view c119793d119793